Komu na koryst´ politykanstvo?

Bibliographic Details
Main Author: Mušinka, Mikuláš, 1936-2024 (Author)
Format: Article
Language:Ukrainian
Subjects:

MARC

LEADER 00000nab a2200000 a 4500
001 vtls008774621
003 SK-MaSNL
005 20260418034501.0
008 060620c2005 xo wr p 000 c0ukr
015 |a SNBRB2006/06 
038 |a SVKPOCL 
040 |a SVKPOCL  |b slo  |c AACR2  |e AACR2 
041 0 |a ukr 
044 |a xo  |c SK 
080 |a 323.15(=161)(477)  |2 2001 
080 |a 323.15(=161)(437.6)  |2 2001 
100 1 |a Mušinka, Mikuláš,  |d 1936-2024  |4 aut  |9 99915 
245 1 0 |a Komu na koryst´ politykanstvo?  |c Mykola Mušynka 
500 |a Reakcia na článok Z klepaníc skúseného človeka / Boroš. - Grekokatolyc´kyj rusyn´skyj kalendar 2006. - Medžylabirci : Obščestvo sv. Joana Chrestytelja, 2005. - S. 132-138 
650 0 7 |a Rusíni  |z Ukrajina   |2 svkpocl  |9 535362 
650 0 7 |a Rusíni  |z Slovensko  |2 svkpocl  |9 336690 
651 7 |a Slovensko  |2 svkpocl  |9 14231 
651 7 |a Ukrajina  |2 svkpocl  |9 168045 
773 0 |t Nove žyttja  |g Roč. 56, č. 1-2 (2006), s. 6 
852 |a SVKPO  |b KIS3GCP 
958 |a UK 
958 |a SK 
958 |a UA 
958 |a RN 
999 |c 3366439  |d 3368369